00504 a2200121 4500001001000000005001700010008004100027245015500068100002500223700002000248773009700268999001700365ART_5105520260410162019.0260409a 10aPautas jurisprudenciales de la Corte Interamericana de Derechos Humanos en materia de protección de las niñas y niños víctimas de abuso sexual1 aTerragni, Martiniano1 aFreedman, Diego0 tTemas de derecho de familia, sucesiones y bioéticag- Año 5, N° 7 (jul. 2020)wREV41029 c32980d32980